RALPH TROLLS NEW BICYCLE (Record no. 1073607)

MARC details
000 -LEADER
fixed length control field 00469nam a2200193Ia 4500
008 - FIXED-LENGTH DATA ELEMENTS--GENERAL INFORMATION
fixed length control field 151119s9999||||xx |||||||||||||| ||und||
082 ## - DEWEY DECIMAL CLASSIFICATION NUMBER
Classification number 028.5DUB/RAL
082 ## - DEWEY DECIMAL CLASSIFICATION NUMBER
Item number GKKV20740
100 ## - MAIN ENTRY--PERSONAL NAME
Personal name DUBIN JILL
245 ## - TITLE STATEMENT
Title RALPH TROLLS NEW BICYCLE
260 ## - PUBLICATION, DISTRIBUTION, ETC. (IMPRINT)
Place of publication, distribution, etc NEW YORK
260 ## - PUBLICATION, DISTRIBUTION, ETC. (IMPRINT)
Name of publisher, distributor, etc SCHOLASTIC INC
260 ## - PUBLICATION, DISTRIBUTION, ETC. (IMPRINT)
Date of publication, distribution, etc 1992
600 ## - SUBJECT ADDED ENTRY--PERSONAL NAME
Personal name DUBIN JILL
630 ## - SUBJECT ADDED ENTRY--UNIFORM TITLE
Uniform title RALPH TROLLS NEW BICYCLE
700 ## - ADDED ENTRY--PERSONAL NAME
Personal name DUBIN JILL
730 ## - ADDED ENTRY--UNIFORM TITLE
Uniform title RALPH TROLLS NEW BICYCLE
942 ## - ADDED ENTRY ELEMENTS (KOHA)
Koha item type Book
Holdings
Withdrawn status Lost status Damaged status Not for loan Home library Current library Date acquired Cost, normal purchase price Total Checkouts Full call number Barcode Date last seen Cost, replacement price Price effective from Koha item type
        G.K. Khandekar Vachanalaya, Mulund G.K. Khandekar Vachanalaya, Mulund 02/17/2014 0.00   GKKV20740 GKKV20740 11/19/2015 0.00 11/19/2015 Book